| 000 | 00490nam a2200169 a 4500 | ||
|---|---|---|---|
| 001 | 4251 | ||
| 003 | CDMR | ||
| 005 | 20151016134202.0 | ||
| 008 | 130130s2006||||||||||||||||||||||||||||d | ||
| 040 |
_aCDMR _bcat _cCPC GIRONA |
||
| 245 | 0 | _aConsideracions i recomanacions del CAC sobre la teleporqueria | |
| 260 |
_c2006 _bConsell de l'Audiovisual de Catalunya _aBarcelona |
||
| 300 | _a27 p. | ||
| 500 | _a(fulletó) | ||
| 710 | 2 |
_9828 _aConsell de l'Audiovisual de Catalunya |
|
| 942 |
_cMON _2udc |
||
| 999 |
_c4251 _d4251 |
||